Statistics for NBA Players of the Week 2010s

Click here to take the quiz!

General Stats

  • This quiz has been taken 206 times
    (145 since last reset)
  • The average score is 58 of 106

Answer Stats

NbrPlayerLast% Correct
41LeBron James2018
100%
22James Harden2019
93%
26Kevin Durant2017
93%
14Stephen Curry2018
93%
19Russell Westbrook2019
91%
9Kobe Bryant2013
89%
6Chris Paul2017
84%
7Dirk Nowitzki2014
84%
9Dwyane Wade2016
84%
4Klay Thompson2016
84%
4Tim Duncan2015
84%
6Kawhi Leonard2019
83%
1Draymond Green2016
82%
10Carmelo Anthony2014
81%
7Damian Lillard2019
81%
9Giannis Antetokounmpo2019
80%
8Paul George2019
80%
4Tony Parker2013
80%
6Blake Griffin2017
79%
5Nikola Jokic2019
78%
4Chris Bosh2014
77%
10DeMar DeRozan2018
77%
4Kyrie Irving2015
77%
5Anthony Davis2018
75%
11Dwight Howard2012
75%
5Kyle Lowry2016
75%
2Marc Gasol2016
75%
2Pau Gasol2010
75%
5Derrick Rose2012
74%
2Kevin Garnett2012
74%
1Manu Ginobili2010
74%
5Paul Pierce2012
73%
4Jimmy Butler2017
72%
4Joel Embiid2019
72%
1Michael Carter-Williams2013
72%
6DeMarcus Cousins2017
71%
3Deron Williams2014
71%
3Lou Williams2018
71%
2Mo Williams2015
71%
7Kemba Walker2019
70%
2Thaddeus Young2018
70%
1Trae Young2019
70%
3Kevin Love2016
69%
10LaMarcus Aldridge2018
68%
3Karl-Anthony Towns2017
67%
7John Wall2017
66%
3Bradley Beal2019
65%
2Ben Simmons2019
64%
1Josh Smith2012
63%
1J.R. Smith2013
63%
1C.J. McCollum2018
62%
1Khris Middleton2018
62%
3Joe Johnson2014
61%
1Rajon Rondo2010
61%
3Al Horford2015
60%
5Isaiah Thomas2017
60%
2Donovan Mitchell2019
58%
3Paul Millsap2018
57%
1Rudy Gobert2019
57%
1Mike Conley2019
54%
2Amar'e Stoudemire2010
53%
3Brook Lopez2016
52%
4Victor Oladipo2018
52%
5Andre Drummond2019
51%
2Jeff Teague2015
50%
2Tobias Harris2018
50%
2Nikola Vucevic2018
49%
1Pascal Siakam2018
49%
1Gordon Hayward2017
48%
1Kristaps Porzingis2017
48%
2Reggie Jackson2015
48%
1Stephen Jackson2010
48%
1D'Angelo Russell2019
47%
4Zach Randolph2015
45%
1Jeremy Lin2012
41%
4Goran Dragic2018
39%
5Monta Ellis2014
39%
1George Hill2016
37%
1Jordan Crawford2013
37%
4Al Jefferson2014
34%
3David Lee2014
34%
1Hassan Whiteside2017
32%
2Andrew Bynum2012
28%
1Andrew Bogut2010
27%
3Carlos Boozer2013
27%
3Brandon Jennings2013
26%
1Gerald Wallace2010
26%
1Brandon Roy2010
25%
2Chauncey Billups2011
25%
1Nicolas Batum2015
25%
1Nate Robinson2013
22%
2Ty Lawson2013
21%
1Marcin Gortat2015
16%
1Bojan Bogdanovic2019
14%
1Markieff Morris2013
14%
1Kenneth Faried2012
13%
1Kevin Martin2011
13%
1JJ Barea2016
12%
1Dion Waiters2017
10%
2Chris Kaman2010
9%
1Nikola Pekovic2013
5%
1Rodney Stuckey2010
5%
1Ersan Ilyasova2012
2%
1Greivis Vasquez2012
2%
1Jared Sullinger2014
1%
1Drew Gooden2012
0%

Score Distribution

Percentile by Number Answered

Percent of People with Each Score

Your Score History

You have not taken this quiz since the last reset